EPIC: The Musical - Ruthlessness - Statistics

General Stats
  • This quiz has been taken 199 times
  • The average score is 189 of 368
Answer Stats
Hint Answer % Correct
Ensemble Poseidon
97%
Poseidon
94%
Poseidon
93%
Poseidon
93%
Poseidon
92%
Poseidon
92%
Poseidon
92%
all
91%
I
91%
Poseidon In
91%
my
91%
of
91%
years
91%
isn't
90%
living
90%
often
90%
that
90%
very
90%
Odysseus Poseidon
89%
get
88%
it
88%
off
88%
I
86%
pissed
86%
the
86%
waves
86%
with
86%
But
85%
chill
85%
to
85%
try
85%
crossed
84%
line
84%
blind
83%
damn
83%
made
83%
mine
83%
Odysseus No
83%
the
83%
the
83%
you
83%
been
82%
is
82%
I've
82%
mine
82%
of
82%
right
82%
so
82%
son
82%
That's
82%
you
82%
a
81%
and
81%
choice
81%
cyclops
81%
hurt
81%
Poseidon I'm
81%
without
81%
a
80%
and
80%
without
80%
yet
80%
doubt
79%
gracious
79%
left
79%
the
79%
the
79%
is
78%
of
78%
pack
78%
shark
78%
swimming
78%
the
78%
with
78%
wolves
78%
you've
78%
now
77%
bleed
73%
drown
73%
is
73%
is
73%
mercy
73%
ourselves
73%
Ruthlessness
73%
Laestrygonians Ruthlessness
73%
see
73%
you
73%
you
73%
Guess
72%
I
72%
make
72%
mercy
72%
need
72%
ourselves
72%
to
72%
upon
72%
learn
71%
upon
71%
gotta
70%
how
70%
make
70%
you
70%
before
68%
But
68%
I
68%
I've
68%
to
68%
need
67%
are
66%
go
66%
the
66%
worst
66%
you
66%
You
66%
A
65%
'Cause
65%
even
65%
good
65%
great
65%
Greek
65%
is
65%
kind
65%
mercy
65%
not
65%
of
65%
ourselves
65%
Poseidon Ruthlessness
65%
That's
65%
what
65%
who
65%
you're
65%
false
64%
hate!
64%
I
64%
of
64%
Ourselves
64%
upon
64%
but
62%
'Cause
62%
done
62%
don't
62%
fight
62%
get
62%
job
62%
kill
62%
lives
62%
reeks
62%
save
62%
the
62%
to
62%
won't
62%
you
62%
you
62%
I
61%
totally
61%
all
60%
mean
60%
this
60%
and
59%
avoided
59%
had
59%
just
59%
killed
59%
my
59%
righteousness
59%
son
59%
you
59%
are
58%
could've
58%
far
58%
nice
58%
too
58%
You
58%
a
57%
But
57%
has
57%
Mercy
57%
no
57%
price
57%
final
48%
It's
48%
the
48%
crack
45%
is
40%
meant
40%
mercy
40%
ourselves
40%
Odysseus Poseidon
40%
Laestrygonians Ruthlessness
40%
upon
40%
we
40%
harm
39%
no
39%
We
39%
disarm
38%
him
38%
him
38%
him
38%
his
38%
hurt
38%
in
38%
let
38%
name
38%
no
38%
only
38%
only
38%
pain
38%
pleasure
38%
Poseidon The
38%
to
38%
to
38%
took
38%
We
38%
We
38%
You
38%
you
38%
your
38%
and
37%
between
37%
is
37%
line
37%
mercy
37%
ourselves
37%
reveal
37%
Ruthlessness
37%
upon
37%
wanted
37%
escape
36%
ice
36%
is
36%
live
36%
now
36%
Then
36%
you
36%
almost
35%
'cause
35%
give
35%
got
35%
hopefullness
35%
invisible
35%
is
35%
I've
35%
left
35%
mercy
35%
mercy
35%
no
35%
Poseidon Ruthlessness
35%
to
35%
Unlike
35%
break
34%
it
34%
now
34%
ourselves
34%
Ourselves
34%
Poseidon &Laestrygonians Ruthlessness
34%
So
34%
the
34%
to
34%
upon
34%
And
33%
is
33%
is
33%
mercy
33%
time
33%
you
33%
your
33%
all
32%
And
32%
apologize
32%
Crew Captain!
32%
Crew Captain!
32%
close
32%
course
32%
cries
32%
die
32%
Poseidon Die
32%
finally
32%
For
32%
goodbye
32%
heart
32%
his
32%
is
32%
my
32%
naïveté
32%
of
32%
pain
32%
say
32%
son's
32%
the
32%
Today
32%
Unless
32%
you
32%
and
31%
world
31%
Crew Captain!
30%
dark
30%
to
29%
Odysseus All
27%
Crew Captain!
27%
I
27%
Laestrygonians Ruthlessness
27%
bag!
26%
Crew Captain!
26%
do
26%
gotta
26%
is
26%
open
26%
this
26%
Crew Captain!
25%
Laestrygonians is
25%
mercy
25%
our
25%
Laestrygonians Ruthlessness
25%
upon
25%
Poseidon What?
25%
Crew Captain!
24%
have
24%
Odysseus What
24%
you
24%
a
23%
a
23%
become
23%
does
23%
done?
23%
tidal
23%
Ensemble When
23%
Laestrygonians is
22%
me
22%
mercy
22%
Remember
22%
ripple
22%
upon
22%
wave?
22%
Poseidon 43
21%
a
21%
a
21%
am
21%
Any
21%
become
21%
command
21%
darkest
21%
does
21%
Poseidon I
21%
last
21%
left
21%
man
21%
moment
21%
monster?
21%
our
21%
Laestrygonians Ruthlessness
21%
under
21%
Ensemble When
21%
words?
21%
your
21%
your
21%
Laestrygonians is
20%
mercy
20%
our
20%
Laestrygonians Ruthlessness
20%
upon
20%
is
19%
monster
19%
that
19%
The
19%
about
18%
always
18%
near
18%
draws
17%
No matching quizzes found
Score Distribution
Percent of People with Each Score
Percentile by Number Answered
Your Score History
You have not taken this quiz